00427nam a2200169Ia 4500008004100000020001800041245004100059245003800100260001500138260001900153260000900172300001400181300002500195300001000220500000800230999001900238170705s9999 xx 000 0 und d a9780531059050 aTwas the night before thanksgiving / cstory and pictures by Dav Pilkey. aNew York : bOrchard Books, c1990 aunpaged : bcolor illustration ; c21cm. a400 c337253d337253